01431nam a2200361 c 450000100060000000300100000600500170001600700030003300800570003602000180009304000350011104100080014608200220015424502120017625000230038826400350041130000670044633600270051333700330054033800280057349000660060150000210066752100530068865000260074165000710076765000260083865000400086470000380090470000520094270000460099494200120104099900170105259964CO-BoRNBP20251112221850.0ta00003022016 cc ao jrf spa d spa a9789962040347 aCO-BoRNBPbspaerdacCO-BoRNBP0 aspa04a745.5942bB3722300aBisutería artesanal y ecológica /cdirección y coordinación editorial María Cristina Parra Rodríguez ; diseño y diagramación Johanna María Ramírez P. ; fotografías Gilberto Morales Roa. aEdición especial 1aPekín, China :bLexus,c2016 a198 páginas :bilustraciones, fotografías a color +e1 DVD atextobtxt2rdacontent asin mediaciónbn2rdamedia avolumenbnc2rdacarrier0 aPlan Nacional de Lectura y Escritura Leer es mi Cuento.a2016 aIncluye glosario1 aRecomendado para un público mayor de 12 años07aArte Decorativo2lemb07aArtesaníasxEnseñanzavManuales, vademécum, etc2lemb96727407aCollares2lemb96733007aTrabajos manuales (educacion)2lemb aMorales Roa, Gilbertoepht967331 aParra Rodríguez, María Cristinaeedt964273 aRamírez P., Johanna Maríaedsr967332 2ddccBK c59964d59964